[Event "European Youth Chess Championship G18"]
[Site "Prague, Top Hotel Prague"]
[Date "2016.08.20"]
[Round "3.21"]
[White "Boehm, Jana"]
[Black "Naghiyeva, Khayala"]
[Result "1-0"]
[WhiteElo "1954"]
[BlackElo "1663"]
[PlyCount "89"]
[EventDate "2016.08.18"]

1. e4 c5 2. Nf3 Nc6 3. d4 cxd4 4. Nxd4 g6 5. Nc3 Bg7 6. Be3 Nf6 7. Bc4 O-O 8.
Bb3 d6 9. f3 Bd7 10. Qd2 Qa5 11. O-O-O Rfc8 12. g4 Ne5 13. h4 Nc4 14. Bxc4 Rxc4
15. Nb3 Qa6 16. e5 Ne8 17. h5 Bxe5 18. hxg6 fxg6 19. Bd4 Bxd4 20. Nxd4 e5 21.
Qh6 Nf6 22. Nf5 Bxf5 23. gxf5 Rc7 24. fxg6 d5 25. Nxd5 Nxd5 26. gxh7+ Kh8 27.
Qxa6 bxa6 28. Rxd5 Rac8 29. c3 Re7 30. Kd2 Rb7 31. b3 Rb5 32. Rd7 Ra5 33. a4
Rac5 34. Rg1 Ra8 35. Rg8+ Rxg8 36. hxg8=Q+ Kxg8 37. Rxa7 Rd5+ 38. Ke3 Rc5 39.
Kd3 Rc6 40. Re7 Rd6+ 41. Kc2 Rf6 42. Rxe5 Rxf3 43. b4 Kf7 44. Kb3 Rf6 45. b5
1-0

[Event "European Youth Chess Championship G18"]
[Site "Prague, Top Hotel Prague"]
[Date "2016.08.20"]
[Round "3.22"]
[White "Vangsgaard, Freja"]
[Black "Weis, Olga"]
[Result "1-0"]
[WhiteElo "2129"]
[BlackElo "1895"]
[PlyCount "45"]
[EventDate "2016.08.18"]

1. d4 Nf6 2. c4 c5 3. d5 b5 4. cxb5 a6 5. bxa6 g6 6. Nf3 Bg7 7. g3 O-O 8. Nc3
Bxa6 9. Rb1 e6 10. d6 Qa5 11. Bd2 Qb6 12. Bf4 Nh5 13. Be5 f6 14. g4 fxe5 15.
gxh5 gxh5 16. Ng5 h6 17. Nge4 Nc6 18. e3 Bxf1 19. Rxf1 h4 20. Rg1 Kh8 21. Qg4
Rg8 22. Qg6 Qd8 23. Ng5 1-0

[Event "European Youth Chess Championship G18"]
[Site "Prague, Top Hotel Prague"]
[Date "2016.08.20"]
[Round "3.23"]
[White "Buiza, Prieto Eihartze"]
[Black "Gur, Tuba"]
[Result "1/2-1/2"]
[WhiteElo "2085"]
[BlackElo "1717"]
[PlyCount "75"]
[EventDate "2016.08.18"]

1. d4 d5 2. Bg5 Nf6 3. Bxf6 exf6 4. e3 Be6 5. Nf3 c6 6. Nbd2 Nd7 7. Bd3 Bd6 8.
O-O O-O 9. c4 f5 10. Qc2 g6 11. c5 Bc7 12. b4 Nf6 13. b5 Ne4 14. bxc6 bxc6 15.
Qa4 Bd7 16. Rfc1 Re8 17. g3 g5 18. Nf1 h5 19. Ne1 g4 20. Bxe4 fxe4 21. Ng2 Qf6
22. Rab1 Reb8 23. Rxb8+ Rxb8 24. Qxa7 Rb2 25. Nf4 Bxf4 26. gxf4 Qh4 27. Ng3
Rxf2 28. Kxf2 Qxh2+ 29. Kf1 Qxg3 30. Qxd7 Qf3+ 31. Ke1 Qxe3+ 32. Kd1 Qd3+ 33.
Ke1 Qe3+ 34. Kd1 Qxd4+ 35. Kc2 Qxc5+ 36. Kb2 Qb4+ 37. Ka1 Qd4+ 38. Kb1 1/2-1/2

[Event "European Youth Chess Championship G18"]
[Site "Prague, Top Hotel Prague"]
[Date "2016.08.20"]
[Round "3.24"]
[White "Roklicer, Heike"]
[Black "Pilsan, Martha"]
[Result "1-0"]
[WhiteElo "1936"]
[BlackElo "1640"]
[PlyCount "85"]
[EventDate "2016.08.18"]

1. d4 d5 2. c4 c6 3. Nc3 Nf6 4. Nf3 dxc4 5. a4 c5 6. e3 cxd4 7. Qxd4 Qxd4 8.
Nxd4 e5 9. Ndb5 Na6 10. Bxc4 Bb4 11. O-O Be6 12. Bxe6 fxe6 13. Na2 Be7 14. Bd2
Ne4 15. Bc3 Nxc3 16. Naxc3 O-O 17. Rfd1 Nc5 18. b4 Na6 19. Nd6 Nxb4 20. Nxb7
Bf6 21. Rab1 a5 22. Nxa5 Nd5 23. Nxd5 Rxa5 24. Nxf6+ gxf6 25. Rb4 Rfa8 26. Ra1
Kf7 27. Kf1 R8a7 28. Ke2 Ke7 29. Kd3 Kd6 30. Kc3 Kc6 31. Kb3 Kc7 32. Rc1+ Kd8
33. Rcc4 Rd5 34. Rg4 Kc7 35. Rg7+ Rd7 36. Rxd7+ Kxd7 37. Rb6 e4 38. Kb4 f5 39.
a5 h6 40. a6 h5 41. Rb7+ Rxb7+ 42. axb7 Kc7 43. Kc5 1-0

[Event "European Youth Chess Championship G18"]
[Site "Prague, Top Hotel Prague"]
[Date "2016.08.20"]
[Round "3.25"]
[White "Silva, Mariana Sofia T"]
[Black "Rodionova, Daria"]
[Result "0-1"]
[WhiteElo "1757"]
[BlackElo "2279"]
[PlyCount "84"]
[EventDate "2016.08.18"]

1. e4 c5 2. Nf3 d6 3. d4 cxd4 4. Nxd4 Nf6 5. Nc3 a6 6. Be2 e5 7. Nb3 Be7 8. O-O
Be6 9. Re1 O-O 10. Bf3 b5 11. Bg5 Nbd7 12. Nd5 Rc8 13. Nxe7+ Qxe7 14. a4 Nb6
15. axb5 axb5 16. Nd2 Na4 17. Nf1 Nxb2 18. Qb1 Nc4 19. Qxb5 Rc5 20. Qb1 Rfc8
21. Be2 h6 22. Bxf6 Qxf6 23. Bd3 d5 24. exd5 Bxd5 25. Ng3 e4 26. Nxe4 Bxe4 27.
Rxe4 Nd2 28. Qd1 Nxe4 29. Bxe4 Rd8 30. Qf1 Re8 31. f3 Qd4+ 32. Kh1 f5 33. Bd3
Rce5 34. g3 Qc3 35. Kg2 Qd2+ 36. Kh3 Re2 37. Qg1 Qg5 38. g4 R2e3 39. Qg3 Rxf3
40. Bc4+ Kh7 41. Qxf3 Re3 42. Qg3 Qxg4+ 0-1

[Event "European Youth Chess Championship G18"]
[Site "Prague, Top Hotel Prague"]
[Date "2016.08.20"]
[Round "3.26"]
[White "Salahidou, Reveka"]
[Black "Temmerman, Sara"]
[Result "1-0"]
[WhiteElo "1968"]
[BlackElo "1631"]
[PlyCount "85"]
[EventDate "2016.08.18"]

1. e4 d5 2. exd5 Qxd5 3. Nc3 Qd6 4. Bc4 Nf6 5. d3 a6 6. Nge2 e5 7. Ng3 Nc6 8.
a3 b5 9. Ba2 Qd7 10. f3 Bc5 11. Bg5 Qd4 12. Qe2 b4 13. axb4 Bxb4 14. Bd2 O-O
15. Kf1 Re8 16. Be3 Qd8 17. Nce4 Nxe4 18. Nxe4 Be6 19. Bxe6 Rxe6 20. c3 Be7 21.
g4 a5 22. h4 Rb8 23. g5 Qd5 24. Rd1 a4 25. Bc1 Na5 26. Rh2 Nb3 27. Be3 Rd8 28.
Rg2 Bc5 29. h5 Bxe3 30. Qxe3 Kf8 31. h6 gxh6 32. Nf6 Qc5 33. Qe4 hxg5 34. Nxh7+
Ke7 35. Rxg5 Kd7 36. Qxa4+ Qc6 37. Qf4 Kd6 38. Rf5 Rd7 39. Ng5 Rg6 40. Qb4+ Nc5
41. Re1 Qa6 42. Ne4+ Ke6 43. Nxc5+ 1-0

[Event "European Youth Chess Championship G18"]
[Site "Prague, Top Hotel Prague"]
[Date "2016.08.20"]
[Round "3.27"]
[White "Poliakova, Emma"]
[Black "Pokorna, Jana"]
[Result "1-0"]
[WhiteElo "1912"]
[BlackElo "1630"]
[PlyCount "91"]
[EventDate "2016.08.18"]

1. e4 e5 2. Nf3 Nc6 3. c3 Nf6 4. d4 exd4 5. e5 Nd5 6. Qb3 Nb6 7. cxd4 d6 8. Bb5
Bd7 9. O-O Be7 10. Nc3 O-O 11. Bf4 dxe5 12. dxe5 Be6 13. Qd1 Qxd1 14. Rfxd1
Rad8 15. Bxc6 bxc6 16. Nd4 Bd5 17. Rac1 c5 18. Nf5 Rfe8 19. Nxe7+ Rxe7 20. Bg5
f6 21. exf6 Rf7 22. fxg7 Rdd7 23. Nxd5 Rxd5 24. Rxd5 Nxd5 25. Rxc5 Nb6 26. g3
Kxg7 27. Bf4 Na8 28. Rc6 Rd7 29. Ra6 c5 30. Rc6 Rd5 31. Be3 Kf7 32. Rxc5 Rd7
33. Ra5 Nb6 34. Bxb6 axb6 35. Rb5 Rd6 36. a4 h6 37. b4 Ke7 38. a5 bxa5 39. bxa5
Ra6 40. f4 Kf7 41. Kf2 Kg7 42. Kf3 Kf7 43. g4 Kg7 44. f5 Kf7 45. Kf4 Kg7 46. h4
1-0

[Event "European Youth Chess Championship G18"]
[Site "Prague, Top Hotel Prague"]
[Date "2016.08.20"]
[Round "3.28"]
[White "Jerabkova, Julia"]
[Black "Maric, Sara"]
[Result "0-1"]
[WhiteElo "1571"]
[BlackElo "1829"]
[PlyCount "104"]
[EventDate "2016.08.18"]

1. c4 e5 2. Nc3 Nf6 3. g3 Nc6 4. Bg2 Bc5 5. e3 O-O 6. Nge2 d6 7. O-O Be6 8. b3
d5 9. d4 exd4 10. exd4 Bb4 11. c5 Bxc3 12. Nxc3 h6 13. Bf4 a6 14. a3 Qd7 15.
Re1 Bh3 16. Qd2 Qf5 17. Bxc7 Qh5 18. f3 Bxg2 19. Kxg2 Rfe8 20. Ne2 g5 21. h3
Re6 22. g4 Qg6 23. Ng3 Rae8 24. Nf5 h5 25. b4 Nh7 26. a4 Nf8 27. b5 Ne7 28. Nd6
Ra8 29. Nxb7 Ra7 30. c6 Nxc6 31. bxa6 Rxe1 32. Rxe1 Ne6 33. Bb6 Rxa6 34. a5
Nf4+ 35. Kh2 hxg4 36. fxg4 Qh7 37. Qe3 Qc2+ 38. Re2 Qxe2+ 39. Qxe2 Nxe2 40. Nc5
Ra8 41. Nb3 Kf8 42. Kg2 Nf4+ 43. Kh2 Ke8 44. Kg3 Ne6 45. h4 gxh4+ 46. Kxh4 Ned8
47. Kg5 Nb7 48. Kf6 Nbxa5 49. Nxa5 Nxa5 50. Bc5 Nc4 51. g5 Ra6+ 52. Kf5 Re6 0-1

[Event "European Youth Chess Championship G18"]
[Site "Prague, Top Hotel Prague"]
[Date "2016.08.20"]
[Round "3.29"]
[White "Sit, Victoria"]
[Black "Weaver, Lauren"]
[Result "1/2-1/2"]
[WhiteElo "1697"]
[BlackElo "1552"]
[PlyCount "53"]
[EventDate "2016.08.18"]

1. d4 Nf6 2. c4 g6 3. Nf3 Bg7 4. g3 O-O 5. Bg2 d6 6. Nc3 a6 7. e4 Nc6 8. O-O
Rb8 9. a4 Bg4 10. h3 Bd7 11. Be3 Qc8 12. Kh2 e5 13. d5 Nb4 14. a5 Ne8 15. Ne1
b6 16. Qd2 f5 17. Ne2 bxa5 18. c5 c6 19. cxd6 fxe4 20. dxc6 Qxc6 21. Rxa5 Qxd6
22. Bxe4 Qxd2 23. Bxd2 Nc6 24. Bd5+ Kh8 25. Rxa6 Rxb2 26. Ra2 Rxa2 27. Bxa2
1/2-1/2

[Event "European Youth Chess Championship G18"]
[Site "Prague, Top Hotel Prague"]
[Date "2016.08.20"]
[Round "3.30"]
[White "Yolal, Sena Gokcen"]
[Black "Ajanovic, Berina"]
[Result "1-0"]
[WhiteElo "1646"]
[BlackElo "1377"]
[PlyCount "41"]
[EventDate "2016.08.18"]

1. e4 c5 2. Nf3 Nc6 3. Bb5 g6 4. Bxc6 bxc6 5. d4 Bg7 6. O-O cxd4 7. Nxd4 Qb6 8.
c3 Nf6 9. Re1 d6 10. h3 O-O 11. Nd2 Ba6 12. N4b3 c5 13. Nf3 Rab8 14. e5 Ne8 15.
Bg5 f6 16. exf6 exf6 17. Bf4 f5 18. Ng5 Rf6 19. Qd5+ Kh8 20. Nf7+ Kg8 21. Nh6+
1-0

[Event "European Youth Chess Championship G18"]
[Site "Prague, Top Hotel Prague"]
[Date "2016.08.21"]
[Round "4.1"]
[White "Keetman, Maaike"]
[Black "Khomeriki, Nino"]
[Result "0-1"]
[WhiteElo "2101"]
[BlackElo "2338"]
[PlyCount "162"]
[EventDate "2016.08.18"]

1. e4 e5 2. Nf3 Nc6 3. Bb5 a6 4. Ba4 Nf6 5. d3 b5 6. Bb3 Be7 7. a4 Bb7 8. Nc3
b4 9. Nd5 Na5 10. Nxf6+ Bxf6 11. Ba2 d5 12. Qe2 O-O 13. O-O Re8 14. Re1 Rb8 15.
exd5 b3 16. cxb3 Bxd5 17. Bd2 Nc6 18. Bc3 Bg5 19. b4 Bxa2 20. Rxa2 Nxb4 21.
Bxb4 Rxb4 22. Nxg5 Qxg5 23. Qe3 Qxe3 24. Rxe3 f6 25. Kf1 Kf7 26. Ke1 Ke6 27.
Kd2 Kd5 28. Kc3 Reb8 29. Rh3 Rg4 30. Rg3 h5 31. b3 c5 32. Re2 a5 33. Re1 Rbb4
34. f3 Rxg3 35. hxg3 f5 36. Rh1 g6 37. Re1 h4 38. gxh4 Rxh4 39. Re2 Rh1 40. Rf2
Rc1+ 41. Kd2 Rh1 42. Kc3 g5 43. Rc2 Rh2 44. Re2 f4 45. Rf2 Rh4 46. Rd2 g4 47.
fxg4 Rxg4 48. Re2 Rh4 49. Kc2 Rh2 50. Kd2 Ke6 51. Rf2 Kd6 52. Kc2 Ke6 53. Kd2
Rh1 54. Kc3 Rc1+ 55. Kd2 Rb1 56. Kc2 Rg1 57. Kc3 Kf5 58. Kc4 Rc1+ 59. Kb5 Rb1
60. Kc4 Rc1+ 61. Kb5 Rc3 62. Rd2 Rxb3+ 63. Kxa5 Ke6 64. Ka6 Kd5 65. a5 Kd4 66.
Ka7 Rxd3 67. Rxd3+ Kxd3 68. Kb6 c4 69. a6 c3 70. a7 c2 71. a8=Q c1=Q 72. Qd5+
Ke2 73. Qf3+ Ke1 74. Kb5 Qe3 75. Qd5 Kf2 76. Kc6 e4 77. Qg8 Qg3 78. Qa2+ Kg1
79. Qb1+ Kxg2 80. Qc2+ Qf2 81. Qxe4+ Qf3 0-1

[Event "European Youth Chess Championship G18"]
[Site "Prague, Top Hotel Prague"]
[Date "2016.08.21"]
[Round "4.2"]
[White "Kubicka, Anna"]
[Black "Vidic, Teja"]
[Result "1/2-1/2"]
[WhiteElo "2209"]
[BlackElo "2149"]
[PlyCount "49"]
[EventDate "2016.08.18"]

1. Nf3 d5 2. d4 Nf6 3. c4 c6 4. Nc3 e6 5. e3 Nbd7 6. Bd3 dxc4 7. Bxc4 b5 8. Bd3
Bd6 9. O-O O-O 10. Qc2 Bb7 11. e4 e5 12. dxe5 Nxe5 13. Nxe5 Bxe5 14. h3 Re8 15.
Be3 Bd4 16. Bxd4 Qxd4 17. Ne2 Qb6 18. a4 a6 19. Rac1 Rac8 20. Ng3 c5 21. axb5
axb5 22. b3 c4 23. bxc4 bxc4 24. Bxc4 Nxe4 25. Nxe4 1/2-1/2

[Event "European Youth Chess Championship G18"]
[Site "Prague, Top Hotel Prague"]
[Date "2016.08.21"]
[Round "4.3"]
[White "Diakonova, Ekaterina"]
[Black "Narva, Mai"]
[Result "1-0"]
[WhiteElo "2172"]
[BlackElo "2202"]
[PlyCount "89"]
[EventDate "2016.08.18"]

1. e4 c5 2. c3 g6 3. d4 cxd4 4. cxd4 d5 5. e5 Bg7 6. Nc3 Nh6 7. Bf4 Nc6 8. Qd2
Nf5 9. Nf3 e6 10. Bb5 Bd7 11. Bxc6 Bxc6 12. Bg5 Ne7 13. Bh6 O-O 14. g4 f6 15.
Bxg7 Kxg7 16. h4 h6 17. O-O-O f5 18. Nh2 fxg4 19. Nxg4 Ng8 20. Rdg1 h5 21. Ne3
Ne7 22. Rg5 Qe8 23. Ng2 Qf7 24. Ne2 Bb5 25. Nef4 Kh7 26. Kb1 Rac8 27. Qb4 a6
28. b3 Nc6 29. Qd2 Ne7 30. Rg1 Rg8 31. a4 Bd7 32. Ne1 b5 33. a5 Rcf8 34. Ned3
Rg7 35. Nxh5 Qf3 36. Nxg7 Kxg7 37. h5 Rf5 38. Nc5 Bc8 39. hxg6 Rf4 40. Qe3 Qxe3
41. fxe3 Rh4 42. Nd3 Nf5 43. Nf4 Kg8 44. g7 Bd7 45. Nh5 1-0

[Event "European Youth Chess Championship G18"]
[Site "Prague, Top Hotel Prague"]
[Date "2016.08.21"]
[Round "4.4"]
[White "Shivacheva, Donika"]
[Black "Trippold, Denise"]
[Result "0-1"]
[WhiteElo "2035"]
[BlackElo "2066"]
[PlyCount "40"]
[EventDate "2016.08.18"]

1. e4 c5 2. Nc3 Nc6 3. f4 g6 4. Nf3 Bg7 5. Bb5 Nd4 6. O-O Nxb5 7. Nxb5 d5 8.
exd5 a6 9. Nc3 Nf6 10. d3 Nxd5 11. Ne4 Qc7 12. Qe1 O-O 13. Qh4 b5 14. Nfg5 h6
15. Nf3 f5 16. Nf2 Bb7 17. Ne5 Nxf4 18. Bxf4 Bxe5 19. Bxh6 Qc6 20. Qg5 Bf4 0-1

[Event "European Youth Chess Championship G18"]
[Site "Prague, Top Hotel Prague"]
[Date "2016.08.21"]
[Round "4.5"]
[White "Osmak, Iulija"]
[Black "Malatsilava, Volha"]
[Result "1-0"]
[WhiteElo "2344"]
[BlackElo "2034"]
[PlyCount "105"]
[EventDate "2016.08.18"]

1. e4 e5 2. Nf3 Nc6 3. Bb5 f5 4. d3 fxe4 5. dxe4 Nf6 6. O-O Bc5 7. Bxc6 bxc6 8.
Nxe5 O-O 9. Nc3 Qe8 10. Nd3 Bd4 11. Qe1 Ba6 12. Be3 Bxc3 13. Qxc3 Nxe4 14. Qa5
Qc8 15. Rad1 d5 16. Rfe1 Bxd3 17. cxd3 Nd6 18. Rc1 Qb7 19. Qc3 Nf5 20. Qxc6
Qxc6 21. Rxc6 Nxe3 22. Rxe3 Rab8 23. b3 Rf7 24. Re5 Rd7 25. Rc5 Rbd8 26. d4 Kf7
27. f3 Kf8 28. Kf2 Kf7 29. b4 Kf8 30. a3 Kf7 31. b5 Kf8 32. a4 Kf7 33. h4 h6
34. h5 Kf8 35. g4 Kf7 36. Ke3 Kf8 37. f4 Kg8 38. f5 Kf7 39. Kf4 Kf8 40. Re6 Kf7
41. Ke5 Kf8 42. f6 gxf6+ 43. Rxf6+ Kg7 44. Rg6+ Kh7 45. Rcc6 Re8+ 46. Rge6
Rxe6+ 47. Kxe6 Rg7 48. Kxd5 Rg5+ 49. Kc4 Rg7 50. Kc5 Rxg4 51. Rxc7+ Kh8 52.
Rxa7 Rg5+ 53. d5 1-0

[Event "European Youth Chess Championship G18"]
[Site "Prague, Top Hotel Prague"]
[Date "2016.08.21"]
[Round "4.6"]
[White "Dmochowska, Agnieszka"]
[Black "Unuk, Laura"]
[Result "0-1"]
[WhiteElo "2034"]
[BlackElo "2240"]
[PlyCount "86"]
[EventDate "2016.08.18"]

1. e4 e5 2. Nf3 Nc6 3. Bb5 a6 4. Ba4 Nf6 5. O-O b5 6. Bb3 Bc5 7. a4 Rb8 8. axb5
axb5 9. Nxe5 Nxe5 10. d4 Bxd4 11. Qxd4 d6 12. f4 Nc6 13. Qc3 Ne7 14. e5 Ne4 15.
Qe1 Nc5 16. Ba2 O-O 17. b4 dxe5 18. Qxe5 Na4 19. Bb3 Nc6 20. Qe3 Nxb4 21. Bd2
Nd5 22. Qg3 Nf6 23. Bxa4 Qd4+ 24. Kh1 Ne4 25. Qd3 Qxa1 26. Qxe4 Qxa4 27. Qe5
Qc4 28. Re1 b4 29. f5 Rb5 30. Qe7 Rxf5 31. h3 Rf1+ 32. Kh2 Rxe1 33. Bxe1 Be6
34. Nd2 Qf4+ 35. Kh1 h6 36. Nf3 Bxh3 37. Qxb4 Qxb4 38. Bxb4 Rb8 39. Ba5 Bg4 40.
Nd4 c5 41. Nc6 Rb2 42. c3 Bd7 43. Ne5 Bf5 0-1

[Event "European Youth Chess Championship G18"]
[Site "Prague, Top Hotel Prague"]
[Date "2016.08.21"]
[Round "4.7"]
[White "Kanakova, Natalie"]
[Black "Miljkovic, Jovana"]
[Result "1/2-1/2"]
[WhiteElo "2179"]
[BlackElo "2024"]
[PlyCount "67"]
[EventDate "2016.08.18"]

1. e4 c5 2. Nf3 d6 3. d4 cxd4 4. Nxd4 Nf6 5. Nc3 a6 6. Be2 e5 7. Nb3 Be7 8. O-O
O-O 9. Kh1 b5 10. a4 b4 11. Nd5 Bb7 12. Be3 Nxd5 13. exd5 a5 14. c3 Na6 15. Qd2
f5 16. f4 g5 17. fxg5 f4 18. Bg1 Bxg5 19. Bf3 Kh8 20. Qd3 Bc8 21. Be4 Rf7 22.
Nd2 Qc7 23. Rac1 bxc3 24. Rxc3 Qd8 25. Nc4 Nb4 26. Qf3 Ba6 27. Qh5 Rg7 28. Bb6
Qb8 29. Bg1 Qg8 30. Rd1 Na2 31. Rc2 Nb4 32. Rc3 Na2 33. Rc2 Nb4 34. Rc3 1/2-1/2

[Event "European Youth Chess Championship G18"]
[Site "Prague, Top Hotel Prague"]
[Date "2016.08.21"]
[Round "4.8"]
[White "Arvai, Eszter"]
[Black "Georgescu, Lena"]
[Result "0-1"]
[WhiteElo "1955"]
[BlackElo "2174"]
[PlyCount "86"]
[EventDate "2016.08.18"]

1. e4 c5 2. Nf3 e6 3. d4 cxd4 4. Nxd4 Nf6 5. Nc3 Nc6 6. Be3 Bb4 7. Bd3 d5 8.
exd5 Nxd5 9. Nxc6 bxc6 10. Bd2 O-O 11. O-O Rb8 12. Rb1 Qc7 13. Qf3 Bd6 14. h3
Nb4 15. Ne4 Nxd3 16. Qxd3 Bh2+ 17. Kh1 Rd8 18. Qe2 Be5 19. Bc3 Bxc3 20. Nxc3 c5
21. b3 Bb7 22. Rfd1 Rd4 23. Rxd4 cxd4 24. Ne4 Rc8 25. Rc1 Qf4 26. Re1 h6 27. f3
Qc7 28. Rc1 e5 29. Ng3 g6 30. a4 a5 31. Re1 Qxc2 32. Qxe5 d3 33. Nh5 gxh5 34.
Qg3+ Kh7 35. Qf4 Qxb3 36. Qf5+ Kg7 37. Qe5+ Kg8 38. Qg3+ Kh7 39. Qf4 Kg7 40.
Qg3+ Kh7 41. Qf4 Rg8 42. Qf5+ Rg6 43. Re7 Bd5 0-1

[Event "European Youth Chess Championship G18"]
[Site "Prague, Top Hotel Prague"]
[Date "2016.08.21"]
[Round "4.9"]
[White "Drogovoz, Irina"]
[Black "Boehm, Jana"]
[Result "1-0"]
[WhiteElo "2126"]
[BlackElo "1954"]
[PlyCount "57"]
[EventDate "2016.08.18"]

1. d4 Nf6 2. c4 g6 3. Nc3 d5 4. Qb3 dxc4 5. Qxc4 Be6 6. Qd3 c5 7. dxc5 Na6 8.
Be3 Bg7 9. Bd4 O-O 10. a3 Nd7 11. Bxg7 Naxc5 12. Qe3 Kxg7 13. b4 Nb3 14. Rd1
Qb6 15. Qd3 Ne5 16. Qe4 Ng4 17. e3 Rac8 18. Na4 Qc7 19. Ne2 Bf5 20. Qf4 e5 21.
Qf3 Bc2 22. Nec3 Bxd1 23. Qxd1 f5 24. Qxb3 e4 25. Be2 Nxh2 26. Nc5 Qe5 27. Ne6+
Kh8 28. Nxf8 Rxc3 29. Rxh2 1-0

[Event "European Youth Chess Championship G18"]
[Site "Prague, Top Hotel Prague"]
[Date "2016.08.21"]
[Round "4.10"]
[White "Verhoeff, Timardi"]
[Black "Paolillo, Gaia"]
[Result "0-1"]
[WhiteElo "1870"]
[BlackElo "2109"]
[PlyCount "126"]
[EventDate "2016.08.18"]

1. f4 e6 2. e3 d5 3. Nf3 c5 4. b3 Nc6 5. Bb2 Nh6 6. Bb5 f6 7. O-O Bd6 8. Nc3
O-O 9. Bxc6 bxc6 10. Ne2 Qe7 11. d3 e5 12. fxe5 fxe5 13. e4 c4 14. h3 dxe4 15.
dxe4 Ba6 16. Qe1 Bb4 17. c3 Bc5+ 18. Kh2 cxb3 19. axb3 Bd3 20. b4 Bb6 21. Bc1
Nf7 22. Rh1 Bxe4 23. Ng3 Bxf3 24. gxf3 Ng5 25. Bxg5 Qxg5 26. Rf1 Qf4 27. Ra2
Rad8 28. Re2 Rd3 29. Rxe5 Bc7 30. Re2 Rxf3 31. Rxf3 Qxf3 32. Rg2 h6 33. Qe6+
Kh8 34. Qe7 Bb8 35. c4 Kh7 36. c5 Rf6 37. Qe1 Rg6 38. h4 a6 39. h5 Qxh5+ 40.
Kg1 Qf3 41. Qe4 Qxe4 42. Nxe4 Rxg2+ 43. Kxg2 Kg6 44. Nd2 Be5 45. Nc4 Bc3 46.
Na5 Bxb4 47. Nxc6 Bxc5 48. Nb8 a5 49. Nc6 a4 50. Ne5+ Kf5 51. Nd3 Bd4 52. Nb4
a3 53. Kf3 g5 54. Kg3 h5 55. Kh3 Bc3 56. Na2 Bd2 57. Kg3 h4+ 58. Kh3 Kf4 59.
Kg2 g4 60. Kf1 Kf3 61. Kg1 g3 62. Kh1 h3 63. Kg1 h2+ 0-1

[Event "European Youth Chess Championship G18"]
[Site "Prague, Top Hotel Prague"]
[Date "2016.08.21"]
[Round "4.11"]
[White "Chanturia, Ani"]
[Black "Lingur, Zalina"]
[Result "1-0"]
[WhiteElo "1737"]
[BlackElo "2060"]
[PlyCount "143"]
[EventDate "2016.08.18"]

1. e4 c5 2. Nf3 d6 3. Bb5+ Nd7 4. c4 a6 5. Ba4 Ngf6 6. Nc3 e6 7. d4 cxd4 8.
Nxd4 Be7 9. O-O O-O 10. Bxd7 Qxd7 11. Qe2 b6 12. Be3 Bb7 13. f3 Rac8 14. Rac1
Qc7 15. b3 Qb8 16. Rfd1 Bd8 17. Kh1 Bc7 18. Bg1 Kh8 19. Nc2 Rfe8 20. Qf1 d5 21.
exd5 exd5 22. Na4 dxc4 23. bxc4 Bc6 24. Nb2 Re5 25. Nb4 Bb7 26. Nd5 Nxd5 27.
cxd5 Rh5 28. h3 Bxd5 29. Nc4 Qb7 30. Nd2 h6 31. a3 Re8 32. Re1 Rhe5 33. Rxe5
Bxe5 34. Ne4 Bf4 35. Rd1 Bxe4 36. fxe4 Qxe4 37. Rd4 Bg3 38. Rxe4 Rxe4 39. Qxf7
Re1 40. Qf8+ Kh7 41. Qf5+ Kh8 42. Qf3 Bd6 43. Qc3 Re7 44. Bxb6 h5 45. Bg1 Rf7
46. Qc8+ Rf8 47. Qxa6 Bg3 48. Qd3 h4 49. Qd1 Rf6 50. a4 Re6 51. a5 Kh7 52. Qh5+
Rh6 53. Qxh6+ Kxh6 54. a6 Bb8 55. a7 Bxa7 56. Bxa7 Kg5 57. Kg1 Kh5 58. Kf2 Kg5
59. Kf3 Kh5 60. Be3 g5 61. Bd2 g4+ 62. hxg4+ Kg6 63. Kf4 Kf6 64. g5+ Kg6 65.
Kg4 Kg7 66. Kxh4 Kg6 67. Kg4 Kg7 68. Kh5 Kh7 69. g6+ Kg7 70. Bc3+ Kg8 71. Kh6
Kf8 72. Kh7 1-0

[Event "European Youth Chess Championship G18"]
[Site "Prague, Top Hotel Prague"]
[Date "2016.08.21"]
[Round "4.12"]
[White "Janska, Jitka"]
[Black "Saumanaite, Skaiste"]
[Result "1/2-1/2"]
[WhiteElo "2052"]
[BlackElo "1905"]
[PlyCount "152"]
[EventDate "2016.08.18"]

1. e4 c5 2. Nc3 a6 3. a4 e6 4. g3 Nc6 5. Bg2 g6 6. Nge2 Bg7 7. d3 Nge7 8. Bg5
O-O 9. Qd2 Nd4 10. h4 h5 11. O-O Kh7 12. a5 d6 13. Na4 Bd7 14. Nb6 Rb8 15. Nxd4
cxd4 16. Qb4 Bb5 17. Bf4 e5 18. Bg5 f6 19. Bc1 Bc6 20. Qb3 Nc8 21. Nxc8 Qxc8
22. Bd2 Qc7 23. c4 Bd7 24. Bb4 Rfd8 25. Kh2 Be6 26. Qd1 Bh6 27. Qe2 Rbc8 28.
Be1 Rf8 29. b4 Bd7 30. Bd2 Bxd2 31. Qxd2 Rg8 32. f4 f5 33. Rae1 Rce8 34. exf5
Bxf5 35. Be4 Rgf8 36. fxe5 dxe5 37. Qg2 b6 38. axb6 Qxb6 39. Qa2 Bxe4 40. Rxf8
Rxf8 41. Rxe4 Rf5 42. Kg2 Qf6 43. Qe2 Qd6 44. Qb2 g5 45. hxg5 Rxg5 46. b5 Qg6
47. Qf2 Kg7 48. Kh2 axb5 49. cxb5 Rf5 50. Qc2 Qf7 51. Kg2 Qb7 52. Qc6 Qxc6 53.
bxc6 Rf8 54. c7 Rc8 55. Rxe5 Rxc7 56. Rd5 Kg6 57. Rxd4 Kg5 58. Kf3 Rf7+ 59. Ke2
Rf5 60. Re4 Ra5 61. Ke3 Ra1 62. Kf3 Rf1+ 63. Ke2 Ra1 64. d4 Rg1 65. Kf2 Ra1 66.
Kg2 Kf5 67. Rh4 Kg5 68. Rf4 Ra3 69. Kh3 Ra1 70. Re4 Rh1+ 71. Kg2 Ra1 72. Kf2
Ra3 73. Rh4 Ra1 74. Ke2 Rg1 75. Kf3 Rf1+ 76. Kg2 Ra1 1/2-1/2

[Event "European Youth Chess Championship G18"]
[Site "Prague, Top Hotel Prague"]
[Date "2016.08.21"]
[Round "4.13"]
[White "Salimova, Nurgyul"]
[Black "Cusmuliuc, Diana-Elena"]
[Result "1-0"]
[WhiteElo "2147"]
[BlackElo "1945"]
[PlyCount "57"]
[EventDate "2016.08.18"]

1. d4 f5 2. Nc3 d5 3. Bg5 c6 4. e3 g6 5. Bd3 Bg7 6. h4 h6 7. Bf4 Nf6 8. Nf3
Nbd7 9. Ne5 Nxe5 10. Bxe5 O-O 11. Qe2 Ne4 12. Bxe4 dxe4 13. Bxg7 Kxg7 14. O-O-O
Be6 15. a3 Qa5 16. Qd2 b6 17. f3 Bd5 18. Rdf1 Rf6 19. fxe4 fxe4 20. Rxf6 exf6
21. h5 Re8 22. hxg6 b5 23. Qe1 Qd8 24. Qh4 Rh8 25. Ne2 f5 26. Qg3 Qg5 27. Qc7+
Kxg6 28. Nf4+ Kf6 29. Qe5+ 1-0

[Event "European Youth Chess Championship G18"]
[Site "Prague, Top Hotel Prague"]
[Date "2016.08.21"]
[Round "4.14"]
[White "Egyed, Viktoria"]
[Black "Vangsgaard, Freja"]
[Result "0-1"]
[WhiteElo "2007"]
[BlackElo "2129"]
[PlyCount "140"]
[EventDate "2016.08.18"]

1. e4 c6 2. d4 d5 3. f3 dxe4 4. fxe4 e5 5. c3 Qh4+ 6. Kd2 Qxe4 7. Nf3 Bg4 8.
Bd3 Bxf3 9. gxf3 Qh4 10. Qe2 Nd7 11. Kc2 O-O-O 12. dxe5 Nc5 13. Bf5+ Kc7 14.
Na3 g6 15. Be4 f5 16. exf6 Nxf6 17. Rf1 Nfxe4 18. fxe4 Qxe4+ 19. Qxe4 Nxe4 20.
Rf7+ Rd7 21. Bf4+ Bd6 22. Rxd7+ Kxd7 23. Rd1 Kc7 24. Bxd6+ Nxd6 25. Rd3 Rf8 26.
Rh3 h5 27. Kb3 Nf5 28. Nc4 Re8 29. Rf3 Re2 30. a4 b5 31. axb5 cxb5 32. Na3 Kc6
33. Rd3 a5 34. c4 b4 35. Nb5 Re3 36. Rxe3 Nxe3 37. Nd4+ Kb6 38. Ne6 Ng4 39. h3
Ne5 40. h4 Nf3 41. Ka4 Nxh4 42. c5+ Kc6 43. Kxa5 Kd5 44. Nf4+ Kxc5 45. b3 Nf3
46. Nxg6 Nd4 47. Ka4 Nc2 48. Ka5 Kd4 49. Nf4 h4 50. Kb5 Kc3 51. Ka4 Kd4 52. Kb5
Ke4 53. Nh3 Kd3 54. Nf4+ Ke4 55. Nh3 Kf3 56. Kc4 Kg3 57. Ng5 h3 58. Nxh3 Kxh3
59. Kd3 Na3 60. Kd4 Kg3 61. Kc5 Nc2 62. Kc4 Kf3 63. Kd3 Na3 64. Kd2 Ke4 65. Kc1
Kd3 66. Kb2 Nb5 67. Kb1 Kc3 68. Ka2 Kc2 69. Ka1 Kxb3 70. Kb1 Kc3 0-1